MEOVV - Quiz Ultime - Statistiques

Statistiques générales
  • Ce quiz a été pris 29 fois
  • Le résultat moyen est 17 sur 39
Statistiques - réponses
Hint Réponse % Correct
Informations générales Année de début 2024
100%
Informations générales Année de formation 2024
100%
Informations générales Nom de leur agence THEBLACKLABEL
84%
Autres Comment s'appelle leur tout premier single ? MEOW
68%
Autres Quelle membre n'a jamais vécu en Asie avant de débuté ? Ella
63%
Sooin Couleur Bleu
53%
Anna Nationalité Japon
53%
Narin Position Rappeuse / Vocaliste
53%
Gawon Position Vocaliste / Rappeuse
53%
Narin Nationalité Corée du Sud
47%
Sooin Nationalité Corée du Sud
47%
Gawon Nationalité Corée du Sud / États-Unis
47%
Informations générales Nom des fans PAWMPAWM
47%
Narin Couleur Rose
47%
Ella Couleur Violet
47%
Anna Position Vocaliste / Visuel
47%
Ella Position Vocaliste / Visuel / Maknae
47%
Anna Couleur Blanc
42%
Sooin Position Danceuse / Vocaliste
42%
Ella Nationalité États-Unis
42%
Gawon Couleur Noir
42%
Sooin Nom complet Kim Soo-in
37%
Autres Comment s'appelle leur 1er single en japonais ? ME ME ME
37%
Albums 2025 My Eyes Open VVide
37%
Autres Que signifie MEOVV ? My Eyes Open VVide
37%
Anna Anniversaire 17 novembre 2005
32%
Ella Anniversaire 1 décembre 2008
32%
Sooin Signe astrologique Bélier
32%
Ella Nom complet Ella McKenzie Gross
32%
Narin Signe astrologique Lion
32%
Anna Signe astrologique Scorpion
32%
Sooin Anniversaire 12 avril 2005
26%
Narin Anniversaire 15 août 2007
26%
Gawon Anniversaire 27 avril 2005
26%
Gawon Nom complet Lee Ga-won
26%
Narin Nom complet Na Rin
26%
Ella Signe astrologique Sagittaire
26%
Anna Nom complet Tanaka Anna
26%
Gawon Signe astrologique Taureau
26%
Aucun quiz correspondant
Distribution des résultats
% des personnes avec chaque résultat
Percentile par nombre de réponses
Votre historique - résultats
Vous n’avez pas pris ce quiz